Beginning Movie Titles II Quiz Stats

 Plays Quiz Updated Nov 16, 2018

Challenge
Share
Tweet
Embed
Score 0/100 Timer 06:00
5 Plays Today
First Word % Correct
Alice
99.6%
Finding
98.9%
Willy
98.8%
Kung
98.5%
Million
96.2%
How
95.1%
Star
94.7%
Planet
94.2%
Lady
94.2%
My
94%
Alvin
93.4%
Once
93%
Monty
92.9%
Bonnie
92.4%
When
91.5%
Dead
91.2%
Breakfast
91%
True
90.6%
What
89.8%
Cheaper
89.1%
Air
88.9%
Beverly
88.6%
Some
87.9%
As
87.2%
What
87.1%
Kill
86.1%
Night
85.4%
Ace
85.1%
Saturday
85%
Sleepless
84.3%
Miracle
82.8%
Erin
82.5%
Road
82.2%
Hot
82.2%
First Word % Correct
National
82%
Sense
81.3%
Moulin
80.9%
White
80.7%
Little
80%
Thelma
79.6%
Take
79.5%
Being
79.3%
Lawrence
78.9%
All
78.5%
Jerry
78.4%
Guess
77.3%
Yankee
77.3%
Eternal
76.7%
Good
76.7%
Donnie
75.7%
Meet
74%
Meet
73.7%
(A) Fish
73.5%
Close
72.8%
From
72.1%
Blazing
71.6%
sex
69.5%
Rebel
68.1%
This
67.7%
Doctor
66.1%
Coal
66.1%
2001
66.1%
American
65.9%
Born
64.9%
What's
62.4%
Dog
62.3%
3:10
61.9%
Smokey
61.3%
First Word % Correct
Gentlemen
59.7%
Zack
59.6%
Boyz
59%
Bull
58.5%
Invasion
57.9%
My
56.9%
Monsters
56.4%
High
55.5%
How
55.1%
For
53.9%
Fantastic
53.7%
Last
53.3%
On
51%
Desperately
50%
Jason
48.2%
Mutiny
45.6%
Let
44.2%
Double
43.8%
Twelve
42.3%
Crimes
41.8%
Bringing
39.9%
Every
39.3%
Lars
38.6%
Y
38.2%
Harold
37.7%
Searching
36.8%
Five
33.7%
Witness
29.3%
Postcards
21.4%
Hedwig
20.8%
Judgment
19.4%
Splendor
14.8%

You're not logged in!

Compare scores with friends on all Sporcle quizzes.
OR
Log In

You Might Also Like...

Show Comments

Extras

Top Quizzes Today


Score Distribution

Your Account Isn't Verified!

In order to create a playlist on Sporcle, you need to verify the email address you used during registration. Go to your Sporcle Settings to finish the process.

Report this User

Report this user for behavior that violates our Community Guidelines.

Details: